009250000a22002050004500003001100000005001700011008004100028040003900069041000800108082001500116110004600131245024300177260009800420300001700518650003700535650003500572942000700607952009000614999001500704LK-CoMWRAF20231215000524.0230817t1997 ||||| |||| 00| 0 eng d aLK-CoMWRAFdLK-CoMWRAFeLK-CoMWRAF aeng a305.4bINT aInternational Women's Rights Action Watch a1997 IWRAW to CEDAW country reports on Saint Vincent and the Grenadines Slovenia, Morocco, Turkey, Philippines:bIndependent information for the sixteenth session of the Committee on the Elimination of Discrimination Against Women (CEDAW) aMinneapolis:bHubert H. Humphrey Institute of Public Affairs, University of Minnesota, c1996 a64 p.; 28 cm aSex discrimination against women aWomen- Legal status, laws, etc cBK 00104070aMAINbMAINd2023-08-17l0o305.4 INTpRAF3557r2023-08-17w2023-08-17yBK c2158d2158